Essência (Registo nº 201918)
[ vista simples ]
| 000 -Etiqueta do registo | |
|---|---|
| Valores | 00629nam 22001933 4500 |
| 100 ## - Dados gerais de processamento | |
| Dados gerais | 20240124d u||y0pory50 ba |
| 200 ## - Titulo e menção de responsabilidade | |
| Título próprio | Essência |
| Primeira menção de responsabilidade | Saúl Dias |
| Outras menções de responsabilidade | desenhos de Júlio ; prefácio de Guilherme Castilho |
| 210 ## - Publicação | |
| Local de publicação | Porto |
| Nome do editor | Brasília |
| Data de publicação | 1973 |
| 215 ## - Descrição física | |
| Paginação / Volumes | 125, [8] p. |
| Outras indicações físicas | il. ; brochado |
| Dimensões | 22 cm |
| 300 ## - Notas gerais | |
| Texto da nota | Contém dedicatória na folha de guarda |
| 606 ## - Nome comum usado como assunto | |
| ID Autoridade | 23 |
| Palavra de ordem | Literatura Portuguesa |
| Subdivisão assunto | Poesia |
| 675 ## - CDU | |
| Notação | 821.134.3-1 |
| Edição | PT |
| Língua | por |
| 700 ## - Autor principal (pessoa individual) | |
| ID Autoridade | 5165 |
| Apelido | Dias |
| Nome | Saul |
| 702 ## - Autor secundário (pessoa individual) | |
| ID Autoridade | 1889 |
| Apelido | Castilho |
| Nome | Guilherme de |
| Datas | 1912-1987 |
| 801 ## - Fonte de origem | |
| País | PT |
| Agência | BMMN |
| Regras de catalogação | RPC |
| 830 ## - Notas gerais do catalogador | |
| Criado por | Ana Falardo |
| Indexado por | Ana Falardo |
| 990 ## - Elementos KOHA | |
| Tipo de documento | Livro |
| Situação do levantamento | Biblioteca de origem | Código de barras | Cota | Permissão de empréstimo | Tipo de documento | Nota relativa ao exemplar | Forma de aquisição |
|---|---|---|---|---|---|---|---|
| Biblioteca Municipal de Montemor-o-Novo | 31318 | 821.134.3-1 DIA|SAF | Livro | Acesso Condicionado | Oferta |